000 00651nam a2200217Ia 4500
003 OSt
005 20221005130022.0
006 a|||||r|||| 00| 0
007 ta
008 221004b |||||||| |||| 00| 0 eng d
024 _a72169
037 _cTextual
040 _aCRL
_cCRL
_beng
041 _2eng
_aeng
082 _aY1592.236, E6-31-;2
245 0 _aPunjab castes
_b being a reprint of the chapter on The Races, castes and tribes of the Panjab published in 1883 by the late Sir Denjil Ibbetson, KCSI.
260 _c1883
650 _aSOCIOLOGY
942 _hY1592.236, E6-31-;2
_cTEXL
_2cc
999 _c1055796
_d1055796